000
00275nam a2200109Ia 4500
008
190216s9999||||xx |||||||||||||| ||und||
100
_a
Kiran Sharma
245
0
_a
Hindi- Shankaracharya Evamplato: Ek Shaikshik Drishti
260
_b
Null
_c
2007
650
_a
Hindi
942
_c
BK
999
_c
16425
_d
16425